000 00644nam a22001697a 4500
003 IT-RoPau
005 20220918175935.0
008 121114b xxu||||| |||| 00| 0 eng d
040 _cIT-RoPau
100 _aAlberione Giacomo
_qSSP
_914
245 _aI novissimi meditati innanzi a Gesù Eucaristico.
_bIn omnibus operibus tuis memorare novissima tua; et in aeternum nos peccabis
250 _aRistampa
260 _aAlbano (Roma)
_bPia Società San Paolo
_c1955
300 _a330 p.
_c17,5 cm
520 _aINDICE Prefazione; La morte; Il giudizio particolare; Il Purgatorio; Il Paradiso; L'Inferno; Il giudizio universale.
942 _2ddc
_cBK
999 _c37511
_d37511